000 00553nam a22001577a 4500
003 BD-ChCU
005 20260205103942.0
008 260205b bg ||||| |||| 00| 0 ben d
040 _cBD-ChCU
082 _aশাহ, রকীম
100 _aশাহ, রকীম
_920106
245 _aরকীব মাহ”র ভ্রমণ স্মৃতি
_cরকীব শাহ
260 _aসিলেট:
_bবনবীথি প্রকাশনী,
_c১৯৯৩
650 0 _aভ্রমণ কাহিনী
_920107
942 _2ddc
_cBK
_n0
999 _c111486
_d111486